Breve historia de las lenguas del mundo
Gardado en:
| Autor Principal: | |
|---|---|
| Formato: | Libro |
| Idioma: | Lingua castelá |
| Publicado: |
Barcelona
Castalia Ediciones
2014
|
| Edición: | 1a. ed |
| Series: | Literatura y sociedad, 88
|
| Subjects: | |
| Tags: |
Engadir etiqueta
Sen Etiquetas, Sexa o primeiro en etiquetar este rexistro!
|
MARC
| LEADER | 00000cam a2200000 a 4500 | ||
|---|---|---|---|
| 001 | UCD6284 | ||
| 003 | CL-VaPUC | ||
| 008 | 161124e20140000sp |||||||||||||||||spa|d | ||
| 020 | |a 9788497405911 | ||
| 082 | 0 | 4 | |a 410 |b MOR |2 21 |
| 100 | |a Moral, Rafael del |e autor |9 590061 | ||
| 245 | 1 | 0 | |a Breve historia de las lenguas del mundo |
| 250 | |a 1a. ed | ||
| 300 | |a 436 p | ||
| 942 | |c BK | ||
| 945 | |d 20161124 22:47:00 |a arojas | ||
| 260 | |a Barcelona |b Castalia Ediciones |c 2014 | ||
| 650 | 0 | |a Lingüística |9 265068 | |
| 650 | 0 | |a Lenguaje y lenguas |9 265846 | |
| 650 | 7 | |a TEORIA LINGUISTICA |2 CL-VaPUC |9 334835 | |
| 583 | |a last modification |c 20161124 22:47:00 |k Rodrigo Vera | ||
| 490 | 0 | |a Literatura y sociedad, 88 | |
| 999 | |c 366641 |d 366639 | ||